<?xml version="1.0" encoding="UTF-8"?>
<record
    xmlns:xsi="http://www.w3.org/2001/XMLSchema-instance"
    xsi:schemaLocation="http://www.loc.gov/MARC21/slim http://www.loc.gov/standards/marcxml/schema/MARC21slim.xsd"
    xmlns="http://www.loc.gov/MARC21/slim">

  <leader>01507nam a22002657i 4500</leader>
  <datafield tag="999" ind1=" " ind2=" ">
    <subfield code="c">23063</subfield>
    <subfield code="d">23063</subfield>
  </datafield>
  <controlfield tag="003">AR-CdUCM</controlfield>
  <controlfield tag="008">240918b20212021 pea|||| |||| 00| 0 spa d</controlfield>
  <datafield tag="020" ind1=" " ind2=" ">
    <subfield code="a">978-612-00-6505-1</subfield>
  </datafield>
  <datafield tag="040" ind1=" " ind2=" ">
    <subfield code="a">MUNICIPALIDAD PROVINCIAL DEL CUSCO</subfield>
    <subfield code="c">BIBLIOTECA MUNICIPAL DEL CUSCO</subfield>
  </datafield>
  <datafield tag="082" ind1=" " ind2=" ">
    <subfield code="2">Primera edici&#xF3;n </subfield>
    <subfield code="a">658.15 / V32</subfield>
    <subfield code="b">V32</subfield>
  </datafield>
  <datafield tag="100" ind1=" " ind2=" ">
    <subfield code="a">Vargas Elguera, Atilio</subfield>
  </datafield>
  <datafield tag="245" ind1=" " ind2=" ">
    <subfield code="a">Las Finanzas a Corto Plazo en las Empresas Privadas /</subfield>
  </datafield>
  <datafield tag="260" ind1=" " ind2=" ">
    <subfield code="a">Cusco :</subfield>
    <subfield code="b">Atilio Vargas Elguera.</subfield>
    <subfield code="c">2021</subfield>
  </datafield>
  <datafield tag="300" ind1=" " ind2=" ">
    <subfield code="a">197 p&#xE1;ginas. :</subfield>
    <subfield code="b">24 cm.</subfield>
  </datafield>
  <datafield tag="505" ind1=" " ind2=" ">
    <subfield code="a">La empresa -- Concepto -- Decisi&#xF3;n de apertura de una empresa -- Tipos de aporte de los socios -- Tipos de aporte de socios -- Clasificaci&#xF3;n de las empresas -- Proceso de constituci&#xF3;n de una empresa -- Estructura financiera -- La estructura financiera -- Comentarios respecto a la estructuraci&#xF3;n financiera -- Aspectos importantes para el an&#xE1;lisis financiera -- An&#xE1;lisis de estructura financiera -- An&#xE1;lisis vertical y an&#xE1;lisis horizontal del estado de situaci&#xF3;n financiera -- Comportamiento de las variables monto y monto y tiempo -- Otros aspectos que deben tomarse en cuenta para analizar una estructura financiera</subfield>
  </datafield>
  <datafield tag="650" ind1=" " ind2=" ">
    <subfield code="a">Finanzas empresariales</subfield>
    <subfield code="9">50526</subfield>
  </datafield>
  <datafield tag="650" ind1=" " ind2=" ">
    <subfield code="a">Estructura financiera</subfield>
    <subfield code="9">50527</subfield>
  </datafield>
  <datafield tag="650" ind1=" " ind2=" ">
    <subfield code="a">Conceptos de finanzas</subfield>
    <subfield code="9">50528</subfield>
  </datafield>
  <datafield tag="650" ind1=" " ind2=" ">
    <subfield code="a">Administraci&#xF3;n empresarial</subfield>
    <subfield code="9">8178</subfield>
  </datafield>
  <datafield tag="650" ind1=" " ind2=" ">
    <subfield code="a">Funciones contables</subfield>
    <subfield code="9">50529</subfield>
  </datafield>
  <datafield tag="650" ind1=" " ind2=" ">
    <subfield code="a">Historia de los bancos</subfield>
    <subfield code="9">50530</subfield>
  </datafield>
  <datafield tag="942" ind1=" " ind2=" ">
    <subfield code="2">ddc</subfield>
    <subfield code="c">LIBROS</subfield>
  </datafield>
  <datafield tag="945" ind1=" " ind2=" ">
    <subfield code="a">pbj</subfield>
    <subfield code="d">18/09/2024</subfield>
  </datafield>
  <datafield tag="952" ind1=" " ind2=" ">
    <subfield code="0">0</subfield>
    <subfield code="2">ddc</subfield>
    <subfield code="4">0</subfield>
    <subfield code="7">0</subfield>
    <subfield code="a">SC</subfield>
    <subfield code="b">SC</subfield>
    <subfield code="c">CART</subfield>
    <subfield code="d">2024-09-18</subfield>
    <subfield code="e">Donaci&#xF3;n</subfield>
    <subfield code="g">20.00</subfield>
    <subfield code="o">658.15 / V32</subfield>
    <subfield code="p">SC0000002421</subfield>
    <subfield code="r">2024-09-18</subfield>
    <subfield code="y">LIBROS</subfield>
  </datafield>
</record>
